000
00335nam a2200145Ia 4500
008
191201s2010 xx 000 0 und d
082
_a
659
_b
NAC
100
_a
NAIR,Vinith Kumar
245
0
_a
Cases in Service Marketing
250
_a
1st
260
_a
N. Delhi
_b
Excel Books
_c
2010
300
_a
97
650
_a
MBA
942
_2
ddc
_c
BK
999
_c
4753
_d
4753